000 00352pam a2200145 a 4500
020 _c
041 _h
100 _aSTEPHEN SHIRING
_eAuthor
245 _aINTRO. TO CATERING (INGREDIENTS FOR SUCCESS)
_cSTEPHEN SHIRING
_hTextual Documents
260 _bDelmar
300 _a389
653 _aCatering Science
700 _eCo-Author
930 _a2618
999 _c230017
_d230017